Entry Konu Terimi
001 - KONTROL NUMARASI
- Kontrol alanı: 124646
003 - KONTROL NUMARASI KİMLİĞİ
- Kontrol alanı: TR-BiSEU
005 - SON İŞLEM TARİHİ VE ZAMANI
- Kontrol alanı: 20260207004628.0
008 - SABİT UZUNLUKTAKİ VERİ ÖGELERİ - GENEL BİLGİ
- Sabit uzunlukta kontrol alanı: 260207|| aca||aabn | a|a d
040 ## - KATALOGLAMA KAYNAĞI
- Özgün kataloglama kurumu: TR-BiSEU
- Çeviri kurumu: TR-BiSEU
150 ## - KONU BAŞLIKLARI - KONU TERİMİ
- Konu terimi: Magnetic Resonance Spectroscopy
670 ## - BİLGİNİN KAYNAĞI
- Bilginin alındığı kaynak: KOHA: (TR-BiSEU)66479: Karaca, Semih. 124640, Manyetik rezonans spektroskopi sinyalleri kullanılarak uzun kısa süreli bellek tipi derin sinir ağları ile sahte beyin tümörlerinin bilgisayar destekli tespiti
